000 00614nam a2200205Ia 4500
003 OSt
005 20260330140319.0
008 008 250505s9999 xx 000 0 eng d
037 _aBook to be hide in OPAC
040 _aFEDL
_beng
_cFEDL
041 _aeng
_2eng
084 _a370.954, CEN/O
_qFEDL
245 0 _aSilver jubilee souvenir
245 0 _cCentral Adviosry Board of Education (1935-1960)
260 _aDelhi, India
_bManager of Publications
_c1960
300 _av,491p.
650 _aEducation
942 _cHB
_h370.954, CEN/O
_2ddc
999 _c1372521
_d1372521